|
|
|
|
| LEADER |
01204cam a2200325Ia 4500 |
| 001 |
9780203442098 |
| 003 |
FlBoTFG |
| 005 |
20110119191317.0 |
| 006 |
a|||||s||||||||||| |
| 007 |
cr|||| |
| 008 |
110119s1995 miua sb s001 0 eng d |
| 010 |
|
|
|a 95159696
|
| 020 |
|
|
|a 9780203442098 (e-book : PDF)
|
| 040 |
|
|
|a FlBoTFG
|c FlBoTFG
|d GrThAP
|
| 043 |
|
|
|a ff-----
|a e------
|a aw-----
|a e-uk---
|
| 090 |
|
|
|a N5843.A1
|b H46 1995
|
| 092 |
|
|
|a 709.362
|b H511
|
| 100 |
1 |
|
|a Henig, Martin.
|
| 245 |
1 |
4 |
|a The art of Roman Britain
|h [electronic resource] /
|c Martin Henig.
|
| 260 |
|
|
|a Ann Arbor :
|b University of Michigan Press,
|c 1995.
|
| 300 |
|
|
|a 224 p., :
|b ill. (some col.) ;
|c 26 cm.
|
| 504 |
|
|
|a Includes bibliographical references (p. 204-212) and index.
|
| 530 |
|
|
|a Also available in print edition.
|
| 533 |
|
|
|a Electronic reproduction.
|b [London, Eng. :
|b Taylor and Francis,
|d 2010].
|n PDF file created from digital scan of print book.
|
| 650 |
|
0 |
|a Art, Roman
|z Great Britain.
|
| 650 |
|
0 |
|a Art, Roman
|x Celtic influences.
|
| 655 |
|
7 |
|a Electronic books.
|2 lcsh
|
| 776 |
1 |
|
|z 9780415151368
|
| 776 |
1 |
|
|z 0472106813
|
| 856 |
4 |
0 |
|u http://www.tandfebooks.com/isbn/9780203442098
|z Full Text via HEAL-Link
|